000 00753nam a2200217Ii 4500
003 JO-AjNU
008 230605s9999||||xx |||||||||||||| ||und||
017 _a1976/2581
020 _a977-266-023-7
040 _aJO-AjNU
_bara
_erda
_cJO-AjNU
041 _aara
050 1 4 _aLB2806.5.I5 1976
100 3 _aفهمي،إميل,
_eauthor
_99122
245 0 0 _aالرقابة على الإدارة التعليمية الواقع والإصلاح
264 3 1 _aالقاهرة:مكتبة الأنجلو أمريكية،1976
300 _a100ص
336 _atext
_btxt
_2rdacontent
337 _aunmediated
_bn
_2rdamedia
338 _avolume
_bnc
_2rdacarrier
650 4 _aالتوجيه الفني التربوي-الإدارة التعليمية
_99123
999 _aA1137
_c4705
_d4705